Catálogo
 En Linea

Pharaohs of Egypt / (Registro nro. 18588)

Detalles MARC
000 -CABECERA
campo de control de longitud fija 00919cam a22002531a 4500
001 - NÚMERO DE CONTROL
campo de control 000019070
005 - FECHA Y HORA DE LA ÚLTIMA TRANSACCIÓN
campo de control 20200929165920.0
008 - DATOS DE LONGITUD FIJA--INFORMACIÓN GENERAL
campo de control de longitud fija 900717s1967 enkac b 001 0 eng
040 ## - FUENTE DE LA CATALOGACIÓN
Centro catalogador/agencia de origen DO-SdBNP
Centro/agencia transcriptor NPlaU
Centro/agencia modificador Uk
-- DLC
-- BNPHU
082 ## - NÚMERO DE LA CLASIFICACIÓN DECIMAL DEWEY
Número de clasificación 932.01
Número de documento/Ítem H392p
100 1# - ENTRADA PRINCIPAL--NOMBRE DE PERSONA
Nombre de persona Hawkes, Jacquetta,
Fechas asociadas al nombre 1910-1996.
9 (RLIN) 41028
245 10 - MENCIÓN DE TÍTULO
Título Pharaohs of Egypt /
Mención de responsabilidad, etc. Jacquetta Hawkes ; edición Horizon magazine ; colaboración Bernard V. Bothmer.
260 ## - PUBLICACIÓN, DISTRIBUCIÓN, ETC.
Lugar de publicación, distribución, etc. London :
Nombre del editor, distribuidor, etc. Cassell,
Fecha de publicación, distribución, etc. 1967.
300 ## - DESCRIPCIÓN FÍSICA
Extensión 153 p. :
Otras características físicas il. retrs. ;
Dimensiones 27 cm.
490 1# - MENCIÓN DE SERIE
Mención de serie A Cassell caravel book ;
Designación de volumen o secuencia 18
500 ## - NOTA GENERAL
Nota general Incluye índice.
504 ## - NOTA DE BIBLIOGRAFÍA, ETC.
Nota de bibliografía, etc. Incluye bibliografía p.(149).
651 #4 - PUNTO DE ACCESO ADICIONAL DE MATERIA--NOMBRE GEOGRÁFICO
Nombre geográfico Egipto
Subdivisión general Historia
Subdivisión cronológica 332 A.C.
9 (RLIN) 41029
650 #4 - PUNTO DE ACCESO ADICIONAL DE MATERIA--TÉRMINO DE MATERIA
Término de materia o nombre geográfico como elemento de entrada Faraones
Subdivisión general Literatura juvenil
9 (RLIN) 41030
700 1# - PUNTO DE ACCESO ADICIONAL--NOMBRE DE PERSONA
Nombre de persona Bothmer, Bernard V.,
Término indicativo de función/relación col.
9 (RLIN) 41031
730 1# - PUNTO DE ACCESO ADICIONAL--TÍTULO UNIFORME
Título uniforme Horizon (New York, N.Y.)
9 (RLIN) 41032
830 #0 - PUNTO DE ACCESO ADICIONAL DE SERIE-TÍTULO UNIFORME
Título uniforme A Cassell caravel book ;
Número de parte o sección de la obra 18
9 (RLIN) 41033
910 ## - DATOS DE OPCIÓN DEL USUARIO (OCLC)
Datos de opción del usuario Catalogación derivada / LC
Existencias
Estado de retiro Estado de pérdida Restricciones de uso No para préstamo Código de colección Localización permanente Ubicación/localización actual Ubicación en estantería Fecha de adquisición Número de inventario Total de préstamos Signatura topográfica completa Código de barras Fecha visto por última vez Precio válido a partir de Tipo de ítem Koha
      Excluido de préstamo Monografías: Libros y Folletos General General En catalogación 25.05.2010 LF1   932.01 H392p 19070-10 25.06.2020 25.06.2020 No se presta

Con tecnología Koha